| 000 | 01003nam a2200301 i 4500 | ||
|---|---|---|---|
| 003 | EG-GICUC | ||
| 005 | 20260428193535.0 | ||
| 008 | 260428s1987 us ||||fr|||| 00| 0 eng d | ||
| 040 |
_aEG-GiCUC _beng _cEG-GiCUC _dEG-GiCUC _eRda |
||
| 041 | 0 | _aeng | |
| 082 | 0 | 4 |
_221 _a343.9 _bRE |
| 092 | 0 | 4 | _221 |
| 099 | _aLaw1 10 343.9 RE 1987 | ||
| 110 | _kUnited States National Commission for UNESCO | ||
| 245 | 1 | 3 |
_aReport on women in America / _c United States National Commission for UNESCO |
| 264 | 1 |
_aWashington, D.C. : _bNational Commission for UNESCO, _c1987. |
|
| 300 |
_a54 page ; _c 24 cm. _billustration ; |
||
| 336 |
_2rda contenu _a texte |
||
| 337 |
_2rda medias _aOrdinateur |
||
| 338 |
_2 transporteur rda _a Ressource en ligne |
||
| 504 | _aComprend des références bibliographiques. | ||
| 546 | _aTexte en français | ||
| 650 | 1 |
_aCriminal law _2qrmak |
|
| 651 | 1 | _2qrmak | |
| 856 | 4 | 0 | _uhttps://fll.law.cu.edu.eg/fulltext/bks/B10-11866.pdf |
| 905 | _a74 | ||
| 942 |
_2ddc _n0 _cBK _e21 |
||
| 999 |
_c73968 _d73968 |
||